000 00466nam a2200193 a 4500
001 1755081061533
003 ACL
005 20250813160435.0
008 250813s2009##################000#0#eng##
020 _a9781849160032
082 0 4 _a909
_bTHO
100 1 _aThomson, Hugh,
_eauthor.
245 1 0 _a50 Wonders of the World :
260 _bQuercus Books,
_c2009.
300 _a191 pages
650 0 _aArchitecture.
942 _cENGLISH
040 _aACL
_beng
_cACL
999 _c581949
_d581949